TOP 10 lig UEFA - Statystyki

Ogólne statystyki
  • Ten quiz został rozwiązany 613 razy
  • Średni wynik to 5 z 10
Statystyki odpowiedzi
Hint Odpowiedź % Poprawnych
3 Bundesliga
93%
1 La Liga
93%
2 Premier League
91%
4 Serie A
88%
5 Ligue 1
82%
9 Eredivisie
37%
6 Liga NOS
32%
7 Premier Liga
14%
10 Premier Liha
4%
8 Eerste Klasse A
2%
Nie znaleziono quizów pasujących do podanych kryteriów
Rozkład punktacji
Procent ludzi z każdym wynikiem
Percentyl według liczby udzielonych odpowiedzi
Twoja historia wyników
Nie rozwiązałeś tego quizu